|
|
|
|
| LEADER |
01928nam a2200445 i 4500 |
| 001 |
36801 |
| 003 |
BD-DhAAL |
| 005 |
20211124132247.0 |
| 008 |
191212t20192019flua b 001 0 eng d |
| 999 |
|
|
|c 41572
|d 41572
|
| 010 |
|
|
|a 2018015862
|
| 020 |
|
|
|a 9781138035157 (hardback : alk. paper)
|
| 020 |
|
|
|a 1138035157 (hardback : alk. paper)
|
| 020 |
|
|
|z 9781315269214 (ebook)
|
| 035 |
|
|
|a (DNLM)101724365
|
| 040 |
|
|
|a DNLM/DLC
|b eng
|c DLC
|e rda
|d DLC
|d BD-DhAAL
|
| 042 |
|
|
|a pcc
|
| 050 |
0 |
0 |
|a RC271.C5
|b M6565 2018
|
| 060 |
1 |
0 |
|a QZ 267
|
| 082 |
0 |
0 |
|a 616.994061
|2 23
|
| 245 |
0 |
0 |
|a Molecular medicines for cancer :
|b concepts and applications of nanotechnology /
|c edited by Deepak Chitkara, Anupama Mittal, Ram I. Mahato.
|
| 260 |
|
|
|a Boca Raton :
|b CRC Press, Taylor & Francis Group,
|c c2019
|
| 300 |
|
|
|a xxvi, 610 pages :
|b illustrations ;
|c 24 cm
|
| 504 |
|
|
|a Includes bibliographical references and index.
|
| 526 |
|
|
|a PHR
|
| 541 |
|
|
|a Trim Education
|e 36801, 36802
|
| 650 |
1 |
2 |
|a Neoplasms
|x drug therapy
|9 38333
|
| 650 |
1 |
2 |
|a Molecular Targeted Therapy
|x methods
|9 38334
|
| 650 |
2 |
2 |
|a Drug Delivery Systems
|9 38335
|
| 650 |
2 |
2 |
|a Nanostructures
|x therapeutic use
|9 38336
|
| 650 |
2 |
2 |
|a Theranostic Nanomedicine
|x methods
|9 38337
|
| 650 |
2 |
2 |
|a Molecular Medicine
|x methods
|9 38338
|
| 650 |
2 |
2 |
|a Pharmacy.
|9 43097
|
| 700 |
1 |
|
|a Chitkara, Deepak
|9 38339
|
| 700 |
1 |
|
|a Mittal, Anupama
|9 38340
|
| 700 |
1 |
|
|a Mahato, Ram I.
|9 38341
|
| 852 |
|
|
|a Ayesha Abed Library
|c General Stacks
|
| 942 |
|
|
|2 ddc
|c BK
|
| 952 |
|
|
|0 0
|1 0
|2 ddc
|4 0
|6 616_994061000000000_MOL
|7 0
|9 67389
|a BRACUL
|b BRACUL
|c GEN
|d 2019-12-09
|e Trim Education
|g 12050.00
|l 3
|m 4
|o 616.994061 MOL
|p 3010036801
|q 2026-07-02
|r 2026-03-04
|s 2026-03-04
|t 1
|v 12050.00
|w 2019-12-09
|y BK
|
| 952 |
|
|
|0 0
|1 0
|2 ddc
|4 0
|6 616_994061000000000_MOL
|7 0
|9 67390
|a BRACUL
|b BRACUL
|c GEN
|d 2019-12-09
|e Trim Education
|g 12050.00
|l 3
|o 616.994061 MOL
|p 3010036802
|r 2026-04-29
|s 2025-12-30
|t 2
|v 12050.00
|w 2019-12-09
|y BK
|